Hajime No Ippo (Hard) Part 1 - Statistics

General Stats
  • This quiz has been taken 47 times
  • The average score is 20 of 75
Answer Stats
Hint Answer % Correct
Who saved Ippo from getting bullied and also introduced him to boxing Takamura Mamoru
100%
Who is both Ippo's and Takamura's couch Genji Kamogawa
91%
Whose title match was after Ippo vs Kobashi Takamura
88%
How many leafs did Ippo have to catch to pass Takamura's test 10
81%
Who is the Lightweight boxer in the Kamogawa Gym and is best friends with the boxer above Aoki Masaru
69%
Ippo's first opponent Miyata Ichiro
66%
What punch did Ippo use to defeat Miyata Ichiro UpperCut
66%
Who was Ippo's opponent in the Rookie Kings Semi-Finals, who was also popular with the ladies Hayami
63%
What type of fighter is Ippo? In-Fighter
63%
What is Miyata's specialized punch? Counter
59%
Who is the Jr. Lightweight boxer in the Kamogawa Gym Kimura Tatsuya
59%
Who is the boxer's above sister, that is also Ippo's love interest. Kumi Mashiba
56%
Who was Miyata's opponent in the semi-finals Ryo Mashiba
56%
Whose picture was in the wallet of the newcomer? Ippo
53%
What weight class is Takamura Mamoru MiddleWeight
53%
Who was the Western Japan Rookie King, with winning with all one punch KO's. That also went to Ippo's gym to try to convince him to fight him at the All-Rookie Kings. Takeshi Sendo
53%
When Ippo sent an unofficial challenge to Date Eiji on national Televison. Who also sent on, who is also an Amateur World Champion Alexander Volg Zangief
44%
Who was the Japanese featherweight Champion, that also Ippo spared with and was Ippo's new goal Date Eiji
44%
Who inspired Miyata to use the punch above His father
41%
What is the boxer above job, besides a boxer Ramen Chief
41%
What is the boxer above, special move called Smash
41%
Where did Miyata go, to train to fill the gap between him and Ippo South Korea/ Thailand
41%
What operation did Takamura teach Ippo during his first spar Turtle
41%
What gym did Takamura take Ippo after he passed the leaf test. Kamogawa Gym
38%
Whose tapes were given to Ippo. Mike Tyson
38%
Who did Ippo face against in the first round of the Rookie King tournament? Jason Ozuma
34%
Who is the bone specialist doctor that Ippo went to, so that he could get his right hand healed to fight Sendo at the All-Rookie Kings Tomoko Yamaguchi
34%
Where was Ippo's first Training Camp Beach
31%
One of Ippo's bullies who started supporting him. Umezawa
28%
After both of Ippo's advancement to the Semi's and Takamura becoming Japan's Middle Weight Champion. What was the name of the song Takamura sang, at the party Champion
25%
Who was Thailand Hero, that also challenged Miyata to a fight Jimmy Sisphar
22%
Who was Ippo's opponent for his debut Match Oda
22%
Where was Ippo's fight against Sendo being held at Osaka
22%
What did Ippo injury during his fight with Mashiba, that at first made him unable to participate in the All-Rookie Kings. Right hand
22%
What was the boxer from above, specialize punch Right Hook
22%
What do the people of Osaka call Sendo. Rocky
22%
What nation does the boxer above belong to? Russia
22%
What was the boxer above, known weapon called. Shotgun
22%
When a group of newcomers join the Kamogawa Gym, who was the only one to make it all the way through the road work Naomichi Yamada
19%
What was the counter that Miyata used to beat Jimmy Jolt Counter
16%
Who was the translator for Miyata and his father while in Thailand Payao
16%
How did Ippo hurt his right hand, after Miyata's lost to Mashiba due to a foul. Punching the bag carelessly
16%
What was the person's above nickname because he always throws up Geromichi
13%
What was the boxer above, boxing style called Hit-Man Style
13%
What was Jimmy's first sport Muay Thai
13%
What body part of Mashiba's did Ippo injury, causing the body part to go numb and blood clots formed, during the Rookie King Finals. Right Elbow
13%
How many times did Ippo fall during his spar with the FeatherWeight Champion Six
13%
Who was the fifth ranked Japanese fighter that challenged Ippo, who is also from the same gym as Date Eiji, who is also his idol. Okita Keigo
9%
Who is Ippo's first opponent in the Class A tournament Saeki Takuma
9%
During the All-Rookie Kings fight, where did Ippo hit to knocked out Sendo and win the match because Sendo was unconscious after returning to his corner. Temple
9%
What body part did Takamura tell Ippo to use more, because Ippo had trouble running in the sand Big Toe
6%
What was the Champion's, above, special punch called Heart Break Shot
6%
Where did Ippo first meet Kumi Korakuen Hall
6%
What happened to Ippo's mother that caused him to withdraw from boxing for a while, also thinking about quitting it entirely to help his mother Overwork/Collapsed
6%
What did Kenta Kobashi specialized at even tho he had weak jabs? Clinching
3%
What gym did Miyata go to after losing to Ippo in a spar, so that he could fight Ippo in the Rookie King finals Kawahara Gym
3%
What gym did the Featherweight champion belong to Nakadai Boxing Gym
3%
What round was Ippo's KO against Hayami Round one
3%
Who was the Second Ranked Fighter that fought Date after Ippo's match with the boxer above Suzuki Toshio
3%
Who was Aoki's first named opponent, that was fifth ranked in the Philippines Arman Garcia
0%
Who is the little brother of the person above Chana
0%
What is the name of the Raman shop for the boxer above Chuka Soba
0%
What is the tournament called that will make the winner, ranked first Class A Tournament
0%
How much did Payao bet that Miyata would win. Entire Life Savings
0%
Who did Takamura fight to gain the 1st seed in his weight class Kazuhiko Hirano
0%
Who was the coach of the gym that Miyata was training at overtime Kida
0%
Who was the lightweight Ippo sparred with 2 days before Ippo's match with Sendo. It's also the spar where Ippo was subconsciously scared to throw his right, not wanting to hurt it again. Komori
0%
Who does the interview of Ippo and Volg? Kumiko Morita
0%
Where was Miyata's match against Jimmy held at Lumpini Staduim
0%
What is Tomoko give Ippo to help throw his right with no worry. Numbing shot
0%
Who was Miyata's first opponent overseas, that also ended up in a draw Rusak Paddy
0%
Who was Kimura's first name opponent, that was ranked seventh in Japan Shinji Kanzaki
0%
What foul was committed against Miyata in the semi-Finals Stepping on the Foot
0%
Who was the Japan Middleweight Champion that the boxer above had to face Yashiaki
0%
Who was Ippo's second opponent that kept on fouling him with head butts Yoshio Fuijiwara
0%
No matching quizzes found
Score Distribution
Percent of People with Each Score
Percentile by Number Answered
Your Score History
You have not taken this quiz